[Event "KO, MT with ID 6000 !!!"]
[Site "SchemingMind.com"]
[Date "2012.05.25"]
[Round "-"]
[White "baron1"]
[Black "spoke"]
[Result "1-0"]
[WhiteCountry "ENG"]
[BlackCountry "GER"]
[WhiteElo "2409"]
[WhiteRD "112"]
[BlackElo "1887"]
[BlackRD "68"]
[GameID "311138"]

1. d4 Nf6 2. c4 g6 3. Nc3 d5 4. cxd5 Nxd5 5. e4 Nxc3 6. bxc3 Bg7 7. Nf3 c5 8. Rb1 O-O 9. Be2 cxd4 10. cxd4 Qa5+
11. Bd2 Qxa2 12. O-O Bg4 13. Bg5 h6 14. Bh4 b6 15. h3 Bxf3 16. Bxf3 Nc6 17. e5 Rac8 18. Ra1 Qc4 19. Bxc6 Rxc6 20. Bxe7 Re8
21. Rxa7 Re6 22. Bd6
1-0

[Event "KO, MT with ID 6000 !!!"]
[Site "SchemingMind.com"]
[Date "2012.06.17"]
[Round "-"]
[White "Derek"]
[Black "Luki212"]
[Result "0-1"]
[WhiteCountry "INT"]
[BlackCountry "SVK"]
[WhiteElo "1761"]
[WhiteRD "81"]
[BlackElo "2058"]
[BlackRD "77"]
[GameID "312322"]

1. d4 Nf6 2. Nf3 e6 3. c4 c5 4. g3 cxd4 5. Nxd4 d5 6. Bg2 e5 7. Nf3 d4 8. O-O Nc6 9. e3 Be7 10. exd4 exd4
11. b3 O-O 12. Bb2 Bc5 13. Na3 Re8 14. Nb5 Bg4 15. h3 Bxf3 16. Bxf3 Qd7 17. Bd5 Qxh3 18. Bg2 Qd7 19. Bxc6 bxc6 20. Nxd4 Rad8
21. Nf3 Qh3
0-1

[Event "KO, MT with ID 6000 !!!"]
[Site "SchemingMind.com"]
[Date "2012.06.17"]
[Round "-"]
[White "Luki212"]
[Black "Derek"]
[Result "1-0"]
[WhiteCountry "SVK"]
[BlackCountry "INT"]
[WhiteElo "2058"]
[WhiteRD "77"]
[BlackElo "1761"]
[BlackRD "81"]
[GameID "312325"]

1. e4 c6 2. d4 d5 3. Nc3 dxe4 4. Nxe4 Nf6 5. Nxf6+ exf6 6. Nf3 Na6 7. a3 Be6 8. Be3 Be7 9. Be2 O-O 10. O-O Nc7
11. c4 Bd7 12. Rc1 Ne8 13. d5 Qc7 14. Re1 c5 15. h3 f5 16. Bd3 Bf6 17. Qd2 g6 18. Bf4 Qb6 19. Ne5 Bxe5 20. Bxe5 f6
21. Bc3 a5 22. Re7 Qd6 23. Rce1 b6 24. Qh6
1-0

[Event "KO, MT with ID 6000 !!!"]
[Site "SchemingMind.com"]
[Date "2012.07.31"]
[Round "-"]
[White "Luki212"]
[Black "baron1"]
[Result "1/2-1/2"]
[WhiteCountry "SVK"]
[BlackCountry "ENG"]
[WhiteElo "2072"]
[WhiteRD "71"]
[BlackElo "2388"]
[BlackRD "103"]
[GameID "315281"]

1. d4 Nf6 2. Nf3 d5 3. c4 e6 4. g3 dxc4 5. Bg2 a6 6. O-O Nc6 7. e3 Bd7 8. Qe2 b5 9. Rd1 Bd6 10. e4 e5
11. dxe5 Bxe5 12. Nc3 O-O 13. Bg5 Bd6 14. Nd5 Be6 15. e5 Bxd5 16. Rxd5 Re8 17. Qd2 Nxe5 18. Nxe5 Rxe5 19. Rxe5 Bxe5 20. Bxa8 Qxa8
21. Rd1 h6 22. Qd8+ Qxd8 23. Rxd8+ Kh7 24. Bc1 Ne4 25. Re8 f6 26. Kf1 Nc5 27. Be3 Ne4 28. b3 Nc3 29. bxc4 bxc4 30. Ra8 Nxa2
31. Rxa6 Nb4 32. Ra4 Nd5 33. Rxc4 Nxe3+ 34. fxe3 Kg6 35. Ke2 Kf5 36. Kf3 Ke6 37. Kg4 Kd5 38. Ra4 c5 39. Kf5 h5 40. Kg6 c4
41. Kxg7=
1/2-1/2

[Event "KO, MT with ID 6000 !!!"]
[Site "SchemingMind.com"]
[Date "2012.07.31"]
[Round "-"]
[White "baron1"]
[Black "Luki212"]
[Result "1-0"]
[WhiteCountry "ENG"]
[BlackCountry "SVK"]
[WhiteElo "2415"]
[WhiteRD "103"]
[BlackElo "2021"]
[BlackRD "75"]
[GameID "315287"]

1. d4 Nf6 2. c4 e6 3. Nf3 c5 4. d5 exd5 5. cxd5 d6 6. Nc3 g6 7. Bf4 Bg7 8. Qa4+ Bd7 9. Qb3 Qc7 10. e4 Nh5
11. Be3 O-O 12. Be2 a5 13. a3 a4 14. Qd1 Re8 15. Nd2 Nf6 16. O-O Na6 17. Bf4 Qb8 18. Nxa4 Bxa4 19. Qxa4 Nxd5 20. exd5 Rxe2
21. Qb3 b5 22. Qf3 Re7 23. Rae1 Rd7 24. Ne4 Nc7 25. Bxd6 f5 26. Qh3 Qd8 27. Bxc7 Rxc7 28. Nc3 Bxc3 29. Qxc3 Qxd5 30. Re5 Qc4
31. Qd2 b4 32. Qd6 Rac8 33. axb4 cxb4 34. Rfe1 Rf7 35. h3 Rc6 36. Qd8+ Kg7 37. Re8 b3 38. h4 Qg4 39. R8e7 Rf6 40. h5 Qf4
41. g3 Qb4 42. hxg6 hxg6 43. Re8 Qd6 44. Rg8+ Kh6 45. Rh8+ Kg5 46. Re3 f4 47. Qa5+ Rf5 48. gxf4+ Qxf4 49. Qd8+ R7f6 50. Rg3+ Qxg3+
51. fxg3 Kg4 52. Qd4+ Kxg3 53. Qh4+ Kf3 54. Rc8 Ke2 55. Qe4+ Kd2 56. Qd4+ Ke2 57. Re8+
1-0

[Event "KO, MT with ID 6000 !!!"]
[Site "SchemingMind.com"]
[Date "2012.09.26"]
[Round "-"]
[White "harmy"]
[Black "Lanaroon"]
[Result "1-0"]
[WhiteCountry "USA"]
[BlackCountry "ENG"]
[WhiteElo "1874"]
[WhiteRD "122"]
[BlackElo "1598"]
[BlackRD "91"]
[GameID "318107"]

1. d4 Nf6 2. c4 e6 3. Nc3 Bb4 4. a3 Bxc3+ 5. bxc3 c5 6. e3 d5 7. Bd3 O-O 8. Ne2 dxc4 9. Bxc4 Nc6 10. O-O cxd4
11. exd4 e5 12. Re1 Be6 13. Bb5 Bd7 14. Bg5 a6 15. Bxc6 Bxc6 16. dxe5 Qxd1 17. Raxd1 Ne4 18. Bh4 g5 19. Bg3 h5 20. f3 Nxg3
21. Nxg3 h4 22. Nf5 Kh7 23. Rd6 Rfe8 24. Rf6 Bd5 25. Nd6 Re7 26. c4 Be6 27. c5 Rc7 28. Ne4 Rg8 29. f4 gxf4 30. Rxf4 Rg4
31. Nf6+
1-0

[Event "KO, MT with ID 6000 !!!"]
[Site "SchemingMind.com"]
[Date "2012.09.24"]
[Round "-"]
[White "Lanaroon"]
[Black "harmy"]
[Result "1-0"]
[WhiteCountry "ENG"]
[BlackCountry "USA"]
[WhiteElo "1613"]
[WhiteRD "92"]
[BlackElo "1858"]
[BlackRD "122"]
[GameID "318114"]

1. e4 e5 2. f4 exf4 3. Nf3 g5 4. h4 g4 5. Ne5 Nf6 6. Bc4 d5 7. exd5 Bd6 8. d4 Nh5 9. Nc3 Qe7 10. Bb5+ c6
11. dxc6 bxc6 12. Nd5 Qe6 13. Nc7+ Bxc7 14. Bc4 Qe7 15. Bxf7+ Kf8 16. Bxh5 Bxe5 17. dxe5 Qxe5+ 18. Qe2 Qxh5 19. Bxf4 Bf5 20. O-O h6
21. Bd6+ Kf7 22. Rxf5+ Qxf5 23. Rf1 Qxf1+ 24. Qxf1+ Kg8 25. Qf8+
1-0

[Event "KO, MT with ID 6000 !!!"]
[Site "SchemingMind.com"]
[Date "2012.10.19"]
[Round "-"]
[White "John Galvin"]
[Black "ajswegiel"]
[Result "1-0"]
[WhiteCountry "USA"]
[BlackCountry "POL"]
[WhiteElo "2350"]
[WhiteRD "76"]
[BlackElo "2120"]
[BlackRD "100"]
[GameID "319218"]

1. e4 e6 2. d4 d5 3. Nd2 Nf6 4. e5 Nfd7 5. Bd3 c5 6. c3 Nc6 7. Ngf3 a6 8. O-O g5 9. Nb3 h6 10. Nxc5 Nxc5
11. dxc5 Bxc5 12. Re1 Bd7 13. b4 Bf8 14. a3 Bg7 15. h3 Rc8 16. Qe2 O-O 17. Bb2 f6 18. exf6 Qxf6 19. Rab1 Qf4 20. c4 Bxb2
21. Rxb2 Nd4 22. Nxd4 Qxd4 23. cxd5 exd5 24. Rd2 Qf4 25. Be4 dxe4 26. Rxd7 Rf7 27. Qa2 Rf8 28. Rxb7 Qxf2+ 29. Qxf2 Rxf2 30. Rxe4 Rf1+
31. Kh2 R8f7 32. Rb6 R1f6 33. Ree6
1-0

[Event "KO, MT with ID 6000 !!!"]
[Site "SchemingMind.com"]
[Date "2012.10.19"]
[Round "-"]
[White "ajswegiel"]
[Black "John Galvin"]
[Result "0-1"]
[WhiteCountry "POL"]
[BlackCountry "USA"]
[WhiteElo "2133"]
[WhiteRD "98"]
[BlackElo "2320"]
[BlackRD "74"]
[GameID "319221"]

1. d4 Nf6 2. c4 g6 3. Nc3 d5 4. Bg5 Ne4 5. Bh4 Nxc3 6. bxc3 dxc4 7. e3 Be6 8. Nf3 Nd7 9. Be2 Nb6 10. O-O Bg7
11. Qc2 O-O 12. Rab1 Qd7 13. Rfd1 Bd5 14. Ne5 Bxe5 15. dxe5 Qe6 16. f4 f6 17. e4 Bc6 18. Rd4 fxe5 19. fxe5 Qxe5 20. Bg3 Qc5
21. Kh1 e5 22. Rd2 Qe3 23. Rxb6 Qxe2
0-1

[Event "KO, MT with ID 6000 !!!"]
[Site "SchemingMind.com"]
[Date "2012.11.26"]
[Round "-"]
[White "baron1"]
[Black "Lanaroon"]
[Result "1-0"]
[WhiteCountry "ENG"]
[BlackCountry "ENG"]
[WhiteElo "2440"]
[WhiteRD "101"]
[BlackElo "1577"]
[BlackRD "85"]
[GameID "321980"]

1. d4 d5 2. c4 e5 3. dxe5 d4 4. Nf3 Nc6 5. a3 Bg4 6. Nbd2 Qe7 7. h3 Bxf3 8. Nxf3 O-O-O 9. b4 Nxe5 10. Nxe5 Qxe5
11. Qd3 c5 12. g3 Nf6 13. Bg2 Bd6 14. bxc5 Bxc5 15. h4 Nd7 16. O-O f5 17. Qf3 Qe4 18. Qb3 Qxg2+ 19. Kxg2 b6 20. Qf3 Nb8
21. Bf4 g6 22. Qa8 Bd6 23. Bxd6 Rxd6 24. c5 bxc5 25. Rab1 Kd7 26. Qxa7+ Ke6 27. Rxb8 Rxb8 28. Qxb8
1-0

[Event "KO, MT with ID 6000 !!!"]
[Site "SchemingMind.com"]
[Date "2012.11.26"]
[Round "-"]
[White "Lanaroon"]
[Black "baron1"]
[Result "0-1"]
[WhiteCountry "ENG"]
[BlackCountry "ENG"]
[WhiteElo "1546"]
[WhiteRD "82"]
[BlackElo "2435"]
[BlackRD "103"]
[GameID "321984"]

1. e4 c6 2. Nc3 d5 3. d4 dxe4 4. Nxe4 Bf5 5. Ng3 Bg6 6. h4 h6 7. h5 Bh7 8. Nf3 Nd7 9. Bd3 Bxd3 10. Qxd3 e6
11. Bf4 Qa5+ 12. Bd2 Bb4 13. Ne4 Ngf6 14. Nd6+ Ke7 15. Nc4 Bxd2+ 16. Nfxd2 Qc7 17. Ne4 Nxe4 18. Qxe4 Rhd8 19. Ne5 Nxe5 20. Qxe5 Qxe5+
21. dxe5 Rd4 22. Rh3 Rad8 23. Rd3 Rxd3 24. cxd3 Rxd3 25. Rd1 Rd5 26. Rxd5 exd5 27. f4 Ke6 28. Ke2 d4 29. Kd3 Kd5 30. g4 c5
31. b3 b5 32. a3 c4+ 33. bxc4+ bxc4+
0-1

[Event "KO, MT with ID 6000 !!!"]
[Site "SchemingMind.com"]
[Date "2013.03.06"]
[Round "-"]
[White "John Galvin"]
[Black "reo"]
[Result "1-0"]
[WhiteCountry "USA"]
[BlackCountry "THA"]
[WhiteElo "2350"]
[WhiteRD "72"]
[BlackElo "1836"]
[BlackRD "105"]
[GameID "328087"]

1. e4 c6 2. d4 d5 3. f3 e6 4. Nc3 Bb4 5. Ne2 Ne7 6. Be3 O-O 7. Qd2 Nd7 8. a3 Ba5 9. Ng3 f5 10. exf5 Nxf5
11. Nxf5 exf5 12. Bd3 Nf6 13. O-O Bxc3 14. Qxc3 Nh5 15. Bd2 Qh4 16. Rae1 Rf6 17. Re8+ Rf8 18. Rxf8+ Kxf8 19. g4 Nf6 20. Qb4+ Kf7
21. Bxf5 Bxf5 22. Qxb7+
1-0

[Event "KO, MT with ID 6000 !!!"]
[Site "SchemingMind.com"]
[Date "2013.03.06"]
[Round "-"]
[White "reo"]
[Black "John Galvin"]
[Result "0-1"]
[WhiteCountry "THA"]
[BlackCountry "USA"]
[WhiteElo "1851"]
[WhiteRD "111"]
[BlackElo "2347"]
[BlackRD "71"]
[GameID "328090"]

1. e4 c5 2. Nf3 d6 3. d4 cxd4 4. Nxd4 Nf6 5. Nc3 a6 6. Bg5 Nbd7 7. Qe2 b5 8. f4 h6 9. Bxf6 Nxf6 10. h3 e6
11. g4 b4 12. Na4 Bd7 13. b3 Bxa4 14. bxa4 d5 15. e5 Ne4 16. Rh2 Qh4+
0-1

[Event "KO, MT with ID 6000 !!!"]
[Site "SchemingMind.com"]
[Date "2013.06.13"]
[Round "-"]
[White "John Galvin"]
[Black "e_safarz"]
[Result "0-1"]
[WhiteCountry "USA"]
[BlackCountry "CAN"]
[WhiteElo "2302"]
[WhiteRD "68"]
[BlackElo "2493"]
[BlackRD "90"]
[GameID "332921"]

1. e4 c5 2. Nf3 d6 3. c3 Nf6 4. Be2 g6 5. O-O Bg7 6. Bb5+ Nbd7 7. d3 a6 8. Ba4 b5 9. Bb3 O-O 10. Bf4 Bb7
11. Nbd2 Qc7 12. Re1 e5 13. Bg5 h6 14. Bh4 Nh5 15. a4 Rfb8 16. Qc2 Nb6 17. a5 Nd7 18. Ba2 Ndf6 19. Bg3 Nxg3 20. hxg3 Rd8
21. Bb3 d5 22. exd5 Nxd5 23. Ba2 f5 24. Rac1 Rac8 25. Re2 Kh7 26. Rce1 Re8 27. Bb3 Rcd8 28. Ba2 Bf6 29. Bxd5 Bxd5 30. c4 Bf7
31. Ra1 b4 32. Nb3 e4 33. dxe4 Rxe4 34. Rxe4 fxe4 35. Nfd2 e3 36. fxe3 Qxg3 37. Nf3 Qc7 38. e4 Kg7 39. Qe2 Be7 40. Rf1 Be6
41. e5 Qd7 42. Nfd2 Qd3 43. Qxd3 Rxd3 44. Rf3 Rd8 45. Ne4 Bxc4 46. Nbxc5 Rc8
0-1

[Event "KO, MT with ID 6000 !!!"]
[Site "SchemingMind.com"]
[Date "2013.08.29"]
[Round "-"]
[White "baron1"]
[Black "e_safarz"]
[Result "0-1"]
[WhiteCountry "ENG"]
[BlackCountry "CAN"]
[WhiteElo "2371"]
[WhiteRD "101"]
[BlackElo "2503"]
[BlackRD "95"]
[GameID "337443"]

1. e4 c5 2. Nc3 d6 3. Nge2 Nf6 4. d4 cxd4 5. Nxd4 a6 6. Be3 e5 7. Nb3 Be6 8. f3 h5 9. Qd2 Nbd7 10. Nd5 Bxd5
11. exd5 g6 12. Be2 Bg7 13. O-O b6 14. c4 O-O 15. Rac1 Re8 16. Rce1 Qc7 17. Rc1 Nc5 18. Nxc5 bxc5 19. Bd1 e4 20. f4 Ng4
21. Bxg4 hxg4 22. f5 gxf5 23. Rxf5 Re5 24. Rcf1 Rxf5 25. Rxf5 Qd7 26. Qf2 Re8 27. Rh5 Re5 28. Rh4 Re7 29. Qf4 f5 30. Rh5 Rf7
31. Rg5 Kh7 32. b3 Kg8 33. Kf1 Kh7 34. h4 gxh3 35. Qh4+ Kg8 36. Qxh3 Qe7 37. Rxf5 Qe5 38. Rxf7 Kxf7 39. Qd7+ Kf8 40. Bc1 Bf6
41. Bh6+ Kg8 42. Qe6+ Kh7 43. Qxe5 Bxe5 44. Ke2 Kxh6
0-1

[Event "KO, MT with ID 6000 !!!"]
[Site "SchemingMind.com"]
[Date "2013.08.29"]
[Round "-"]
[White "e_safarz"]
[Black "baron1"]
[Result "1/2-1/2"]
[WhiteCountry "CAN"]
[BlackCountry "ENG"]
[WhiteElo "2503"]
[WhiteRD "95"]
[BlackElo "2371"]
[BlackRD "101"]
[GameID "337445"]

1. e4 c6 2. d4 d5 3. e5 Bf5 4. Nf3 e6 5. Be2 Nd7 6. O-O h6 7. Nbd2 Qc7 8. Nb3 Ne7 9. Bd2 a5 10. a4 g5
11. c4 Bg7 12. c5 O-O 13. Qe1 b6 14. cxb6 Qxb6 15. Ra3 Rfb8 16. Bxa5 Qb7 17. Bc3 Ng6 18. Nfd2 Bf8 19. Ra1 Bc2 20. Bd1 Bxd1
21. Qxd1 c5 22. Re1 cxd4 23. Nxd4 Ndxe5 24. Nxe6 Nd3 25. Re3 fxe6 26. Rxd3 e5 27. Nf3 d4 28. Nxd4 exd4 29. Rxd4 Nf4 30. Qg4 Qf7
31. Rd7 Qe6 32. Qxe6+ Nxe6 33. h4 Nc5 34. Rd5 Nxa4 35. hxg5 Nxc3 36. Rxa8 Rxa8 37. bxc3 hxg5 38. Rxg5+ Kf7 39. f4=
1/2-1/2